|
|
|
|
| LEADER |
01236nam a22003254a 4500 |
| 001 |
38476 |
| 003 |
BD-DhAAL |
| 005 |
20220425115450.0 |
| 008 |
220424t2002 maua b 001 0 eng |
| 999 |
|
|
|c 44132
|d 44132
|
| 010 |
|
|
|a 2001051880
|
| 020 |
|
|
|a 0618091572
|
| 020 |
|
|
|a 0618352104
|
| 040 |
|
|
|a DLC
|c DLC
|d DLC
|d BD-DhAAL
|
| 042 |
|
|
|a pcc
|
| 050 |
0 |
0 |
|a QH455
|b .O474 2002
|
| 082 |
0 |
0 |
|a 599.9
|2 21
|
| 100 |
1 |
|
|a Olson, Steve,
|d 1956-
|9 48219
|
| 245 |
1 |
0 |
|a Mapping human history :
|b discovering the past through our genes /
|c Steve Olson.
|
| 260 |
|
|
|a Boston :
|b Houghton Mifflin,
|c c2002.
|
| 300 |
|
|
|a viii, 292 pages :
|b illustrations ;
|c 24 cm.
|
| 504 |
|
|
|a Includes bibliographical references (pages [241]-275) and index.
|
| 541 |
|
|
|a Donated By Akbar Ali Khan
|e 38476
|
| 650 |
|
0 |
|a Human population genetics.
|9 48220
|
| 650 |
|
0 |
|a Physical anthropology and history.
|9 48221
|
| 650 |
|
0 |
|a Human genetics
|x Variation.
|9 48222
|
| 650 |
|
0 |
|a Human beings
|x Migrations.
|9 48223
|
| 852 |
|
|
|a Ayesha Abed Library
|c Akbar Ali Khan Collection
|
| 942 |
|
|
|2 ddc
|c BK
|
| 952 |
|
|
|0 0
|1 0
|2 ddc
|4 0
|6 599_900000000000000_OLS
|7 1
|9 70551
|a BRACUL
|b BRACUL
|c AAKC
|d 2022-04-24
|e Donated by Akbar Ali Khan
|l 0
|o 599.9 OLS
|p 3010038476
|r 2022-04-24
|t 1
|w 2022-04-24
|y BK
|